000 00353nam a2200145Ia 4500
003 OSt
005 20240226121234.0
008 170524s9999 xx 000 0 und d
020 _a9788122414907
040 _cIIMT UNIVERSITY
100 _aYadav DS
245 0 _aFUNDAMENTALS OF INFORMATION TECHNOLOGIES
260 _aNew Delhi New age
942 _2ddc
_c02
999 _c3017
_d3017